Finančný lízing v podvojnom účtovníctve

Charakteristika finančného lízingu. Definovanie finančného lízingu v podvojnom účtovníctve. Ilustračné príklady.

Salvato in:
Dettagli Bibliografici
Autore principale: Dobšovič, Dušan
Natura: Capitolo di libro
Lingua:slovacco
Soggetti:
Tags: Aggiungi Tag
Nessun Tag, puoi essere il primo ad aggiungerne!!

MARC

LEADER 00000naa$a2200000$$$4500
001 0083414
005 20231127094854.0
041 0 |a slo 
044 |a SK 
245 1 0 |a Finančný lízing v podvojnom účtovníctve  |c Dušan Dobšovič 
520 |a Charakteristika finančného lízingu. Definovanie finančného lízingu v podvojnom účtovníctve. Ilustračné príklady. 
610 2 0 |a účtovníctvo podvojné 
610 2 0 |a lízing finančný 
610 2 0 |a prenájom zmluvný 
610 2 0 |a zákonník obchodný 
610 2 0 |a prípady účtovné 
100 1 |a Dobšovič, Dušan